Design and control strategies for connectionist expert systems /
Saved in:
| 主要作者: | |
|---|---|
| 格式: | Thesis 图书 |
| 语言: | English |
| 出版: |
1992.
|
| 主题: | |
| 标签: |
添加标签
没有标签, 成为第一个标记此记录!
|
| LEADER | 00743cam a2200229 a 4500 | ||
|---|---|---|---|
| 001 | u337986 | ||
| 003 | SIRSI | ||
| 008 | 931020s1992 si v 00 1 eng m | ||
| 035 | |a ABQ-3682 | ||
| 040 | |a UMM | ||
| 090 | |a QA76.87 |b Pan | ||
| 100 | 1 | 0 | |a Pan, Qiang. |
| 245 | 1 | 0 | |a Design and control strategies for connectionist expert systems / |c Pan Qiang. |
| 260 | |c 1992. | ||
| 300 | |a ix, 141 leaves : |b ill. ; |c 30 cm. | ||
| 502 | |a Dissertation (M.Sc.) -- National University of Singapore, 1992. | ||
| 504 | |a Bibliography: leaves 137-141. | ||
| 650 | 0 | |a Neural networks (Computer science) | |
| 650 | 0 | |a Connection machines. | |
| 948 | |a 20/10/1993 |b 20/08/2002 | ||
| 596 | |a 1 | ||
| 999 | |a QA76.87 PAN |w LC |c 1 |i A504482395 |l STACKS |m P01UTAMA |r Y |s Y |t TESIS |u 1/12/1993 | ||
